000 00660nam a2200253Ia 4500
003 OSt
005 20221006143211.0
006 a|||||r|||| 00| 0
007 ta
008 221006b |||||||| |||| 00| 0 eng d
020 _c275.78
024 _a8,312
037 _cTextual
040 _aEASL
_cEASL
_beng
041 _2eng
_aeng
082 _aX:8.42.N8, M5
100 _aTHUROW Lester C Ed.
_9649387
245 0 _aManagement challenge
_b Japanese views
260 _aCambridge
_bMIT Press
_c1985
300 _a237p.
_ccm.
490 _v JEL
942 _hX:8.42.N8, M5
_cTEXL
_2CC
999 _c1076398
_d1076398